000 00575nam a2200229Ia 4500
005 20260320201742.0
008 008 262003s9999 xx 000 0 eng d
037 _aEBOOK
040 _aCRL
040 _beng
040 _cCRL
041 _2eng
041 _aeng
084 _qCRL
100 _aArcher
245 4 _aThe Long Thaw: How Humans Are Changing the Next 100,000 Years of Earth’s Climate
260 _bIEEE
856 _uhttps://ieeexplore.ieee.org/servlet/opac?bknumber=9452419
942 _cEBOOK
999 _c1723325
_d1723325